[Event "Foment Martinenc op-B 18th"]
[Site "Barcelona"]
[Date "2016.06.04"]
[Round "7"]
[White "Riu Borge, Albert"]
[Black "Maqueda Berdugo, Francisco"]
[Result "0-1"]
[WhiteElo "1873"]
[BlackElo "1682"]
[PlyCount "72"]
[EventDate "2016.04.23"]
[EventType "swiss"]
[EventRounds "9"]
[EventCountry "ESP"]
[SourceTitle "EXT 2017"]
[Source "ChessBase"]
[SourceDate "2016.10.25"]
[SourceVersion "1"]
[SourceVersionDate "2016.10.25"]
[SourceQuality "1"]

1. e4 c5 2. Nc3 Nc6 3. f4 d6 4. Nf3 g6 5. Bc4 Bg7 6. d3 e6 7. 0-0 Nge7 8. Qe1 Nd4 9. Nxd4 Bxd4+ 10. Kh1 a6 11. a4 0-0 12. Ne2 Bg7 13. Qh4 Nc6 14. Qg3 Bd7 15. Rb1 Na5 16. Bb3 Nxb3 17. cxb3 Qb6 18. e5 Qxb3 19. a5 dxe5 20. fxe5 Bb5 21. Nc3 Rad8 22. Rf3 c4 23. Bg5 Rxd3 24. Qe1 Rxf3 25. gxf3 Bc6 26. Qe2 Qb4 27. Ra1 Qc5 28. Bf6 Bxf6 29. exf6 Qf5 30. Ne4 Rd8 31. Kg2 Bxe4 32. fxe4 Qg5+ 33. Kh1 Rd2 34. Qf1 Qh4 35. h3 Qg3 36. Qg1 Qf3+ 0-1

[Event "Foment Martinenc op-C 17th"]
[Site "Barcelona"]
[Date "2015.05.16"]
[Round "4"]
[White "Martin Palau, Roger"]
[Black "Riu Borge, Albert"]
[Result "1-0"]
[WhiteElo "1759"]
[BlackElo "1836"]
[PlyCount "71"]
[EventDate "2015.04.25"]
[EventType "swiss"]
[EventRounds "9"]
[EventCountry "ESP"]
[SourceTitle "EXT 2017"]
[Source "ChessBase"]
[SourceDate "2016.10.25"]
[SourceVersion "1"]
[SourceVersionDate "2016.10.25"]
[SourceQuality "1"]

1. e4 e5 2. Nf3 Nc6 3. Bb5 a6 4. Ba4 Nf6 5. 0-0 b5 6. Bb3 d6 7. d3 Bg4 8. c3 Be7 9. Nbd2 0-0 10. Re1 a5 11. Nf1 b4 12. a3 Bxf3 13. Qxf3 a4 14. Ba2 b3 15. Bb1 Nd7 16. Ne3 Bg5 17. Nf5 Bxc1 18. Rxc1 Ne7 19. d4 Nxf5 20. exf5 exd4 21. cxd4 Re8 22. Be4 Ra5 23. Bc6 Re7 24. Rc4 Nb6 25. Rb4 d5 26. h3 Qd6 27. Bb5 c6 28. Bd3 c5 29. dxc5 Qxc5 30. f6 Re8 31. Qh5 h6 32. Rg4 g6 33. Qxh6 Qf8 34. Rxg6+ fxg6 35. Qxg6+ Kh8 36. Qh7# 1-0

[Event "Foment Martinenc op-C 16th"]
[Site "Barcelona"]
[Date "2014.06.21"]
[Round "9"]
[White "Ruiz Talavera, Adolfo"]
[Black "Riu Borge, Albert"]
[Result "0-1"]
[WhiteElo "1812"]
[BlackElo "1700"]
[PlyCount "66"]
[EventDate "2014.04.26"]
[EventType "swiss"]
[EventRounds "9"]
[EventCountry "ESP"]
[SourceTitle "EXT 2015"]
[Source "ChessBase"]
[SourceDate "2014.11.20"]
[SourceVersion "1"]
[SourceVersionDate "2014.11.20"]
[SourceQuality "1"]

1. d4 d5 2. c4 e6 3. Nc3 Nf6 4. Bg5 Nbd7 5. Nf3 c6 6. e3 Qa5 7. Bxf6 Nxf6 8. Bd3 Bb4 9. Qc2 0-0 10. 0-0 h6 11. Ne5 Nd7 12. Nxd7 Bxd7 13. Ne2 Rfe8 14. c5 Qd8 15. Ng3 e5 16. f3 Qg5 17. f4 exf4 18. exf4 Qf6 19. Qf2 Ba5 20. Nh5 Qe6 21. Kh1 Qe3 22. Qxe3 Rxe3 23. Rad1 Bg4 24. Ng3 Bxd1 25. Rxd1 Re1+ 26. Rxe1 Bxe1 27. Ne2 b6 28. cxb6 axb6 29. a3 g6 30. Bc2 Re8 31. Bd3 Re3 32. Ba6 b5 33. Ng3 Bf2 0-1

[Event "Foment Martinenc op-C 16th"]
[Site "Barcelona"]
[Date "2014.05.17"]
[Round "4"]
[White "Riu Borge, Albert"]
[Black "Cruz Jimenez, Miguel"]
[Result "1-0"]
[WhiteElo "1700"]
[BlackElo "1796"]
[PlyCount "53"]
[EventDate "2014.04.26"]
[EventType "swiss"]
[EventRounds "9"]
[EventCountry "ESP"]
[SourceTitle "EXT 2015"]
[Source "ChessBase"]
[SourceDate "2014.11.20"]
[SourceVersion "1"]
[SourceVersionDate "2014.11.20"]
[SourceQuality "1"]

1. e4 c5 2. Nc3 d6 3. f4 Nf6 4. Nf3 e6 5. Bb5+ Bd7 6. Bxd7+ Nbxd7 7. d3 Be7 8. 0-0 0-0 9. Qe1 a6 10. a4 Qc7 11. a5 Rfe8 12. e5 dxe5 13. fxe5 Nd5 14. Nxd5 exd5 15. e6 Bf6 16. exf7+ Kxf7 17. Qf2 Kg8 18. c3 Ne5 19. Bf4 Nxf3+ 20. Qxf3 Qd7 21. Rae1 Rf8 22. Re2 Kh8 23. Qg3 Qb5 24. Ra1 Bd8 25. Be5 Rf7 26. Rf2 Rxf2 27. Qxg7# 1-0